000
00304nam a22001457a 4500
008
210430b ||||| |||| 00| 0 eng d
020
_a
3875846893
041
_a
eng
080
_a
941
082
_a
941
100
_a
16
101
_a
SHH
245
_a
Frauen Im Krieg
_c
Schwerin,K.G
942
_2
udc
_c
BK
999
_c
57035
_d
57035